000 00833na a2200289 4500
999 _c13460
_d13460
001 20300
003 MIRAKIL
005 20190806100045.0
008 170117b tu 000 0
035 _a20300
040 _aTR-AnCHP
_btur
_cTR-AnCHP
041 _atur
082 _a321.09
_bC35t 1986
090 _a321.09 C35t 1986
100 _aCemal, Hasan
_d1944-
245 _aTank sesiyle uyanmak /
_cHasan Cemal.
260 _aİstanbul:
_bBilgi Yayınevi,
_c1986.
300 _a556 s.:
_c20 sm.
440 _aBilgi Yayınları/Bilgi Dizisi
_v41
490 _aHasan Cemal
_v1
500 _aDış kapakta yapıt adı: 12 Eylül günlüğü
650 _a12 Eylül 1980
_xAskeri yönetim
_zTürkiye
651 _aTürkiye
_xSiyasal tarih
_yAskeri darbeler, 1980
942 _2ddc
_cBKS
999 _d13460
999 _d9527